00481nam a22001451a 4500082001700000245007100017260004500088300001000133650001300143650002200156700002300178942000800201999001900209952010700228 aM 050bCHA/M aMathrubhumi yearbook plus 2026 (malayalam)/cby Chandran P V (ed.) aKozhikodebThe Mathrubhumi Press,c2026. a898p. aYearbook aGeneral Knowledge aChandran P V (ed.) cREF c181395d181395 00104070aSSUSbSSUScREFd2026-05-05g250.00l0oR M 050 CHA/Mp110300r2026-05-05w2026-05-05yREF